000
00238nam a2200097Ia 4500
008
240331s9999 xx 000 0 und d
082
_b
LIY
100
_a
Liyanage,H
245
0
_a
Vanga jathika Sarathchamdra vattopadya ge parwathi
942
_c
L
999
_c
4801
_d
4801